000 00861nam a2200229Ia 4500
003 IN-BaIIA
008 211028s9999 xx 000 0 eng d
040 _cIIA Library
080 _a523.62-726
_bTHE
111 _aConference on the solar wind
_cCalifornia
_d1964 Apr. 1-4
_95745
245 4 _aThe solar wind
_bproceedings of a conference held at the California Institute of Technology,Pasadena, California, U.S.A. April 1-4, 1964
_cedited by Robert J. Mackin and Marcia Neugebauer
260 _aOxford
_bPergamon Press
_c1966
300 _axxx, 400p.
650 _aAstronomy and astrophysics thesaurus
650 _aInterstellar wind
_95746
650 _aSolar wind
_95747
650 _aStellar winds
_95748
700 _aMackin, Robert J., ed.
_95749
700 _aNeugebauer, Marcia, ed.
_95750
710 _aJet Propulsion Laboratory.
_95751
942 _cBK
999 _c3237
_d3237